Tudományos kommunizmus /
Uložené v:
| Ďalší autori: | |
|---|---|
| Médium: | Kniha |
| Jazyk: | Hungarian Russian |
| Vydané: |
Bratislava :
Pravda,
1981.
|
| Vydanie: | 1. kiad. |
| ISBN: |
(viaz.) |
| Fyzický popis: |
531 s. |
| Tagy: |
Pridať tag
Žiadne tagy, Buďte prvý kto otaguje tento záznam!
|
Titul je dostupný aj v ... 

MARC
| LEADER | 00000nam a22000001 4500 | ||
|---|---|---|---|
| 001 | 000167310 | ||
| 005 | 20091124105200.0 | ||
| 008 | 020601s1981 xo e hun d | ||
| 020 | |a (viaz.) | ||
| 040 | |a SVKKK |b slo |c SVKKK |e AACR2 | ||
| 041 | 1 | |a hun |h rus | |
| 044 | |a xo |c SK | ||
| 245 | 0 | 0 | |a Tudományos kommunizmus / |c z rus. orig. Naučnyj kommunizm prel. Endre Szigeti. |
| 250 | |a 1. kiad. | ||
| 260 | |a Bratislava : |b Pravda, |c 1981. | ||
| 300 | |a 531 s. | ||
| 700 | 1 | |a Szigeti, Endre |4 trl | |
| 910 | |a svkkk | ||
| 998 | |a BK | ||
| 090 | |g SCKHL |k Sklad Pribinova 2. posch. |a II.263404 |j 631122 |i 167310-10 |s Absenčne | ||